| 000 | 00573nam a2200145Ia 4500 | ||
|---|---|---|---|
| 008 | 220216s9999 xx 000 0 und d | ||
| 100 | _aThanh D K | ||
| 245 | 0 | _aEvolution of latex physiological parameters of Hevea rubber tree over consecutive tapping years | |
| 260 | _bIRRDB Symposium on Natural rubber(Hevea brasiliensis) V.II: Physiology and Exlpoitation and Crop Protection and Planting Methods Sessions, Vietnam, 14-15 October 1997; p18-25 | ||
| 650 | _aHevea rubber | ||
| 650 | _aLatex evolution | ||
| 650 | _aTapping years | ||
| 700 | _aNghia N A | ||
| 942 | _cJS | ||
| 999 |
_c59058 _d59058 |
||